| 000 | 00349nam a22001337a 4500 | ||
|---|---|---|---|
| 008 | 171012b xxu||||| |||| 00| 0 eng d | ||
| 020 | _a9780072855357 | ||
| 041 | _aeng | ||
| 080 |
_23 ED _a316 |
||
| 100 | _a50 | ||
| 101 | _aSOC | ||
| 245 |
_aSOCIAL CONFLICT ESCALITION ESCALATIO STALEMANTE AND SETTLEMNT _cPRUIT.D.G |
||
| 942 |
_2udc _cBK |
||
| 999 |
_c33269 _d33269 |
||